Tvorba 2D herného enginu s využitím C++/SDL2/OpenGL

Saved in:
Bibliographic Details
Main Author: Barantal, Ľubomír (Author)
Other Authors: Haffner, Oto (Thesis advisor)
Format: Manuscript Book
Language:Slovak
Published: Bratislava : STU v Bratislave, FEI, 2020
Subjects:
Online Access:http://opac.crzp.sk/?fn=detailBiblioForm&sid=B5E6096D0905A43EEE071E19D4C8&seo=CRZP-detail-kniha
Tags: Add Tag
No Tags, Be the first to tag this record!

MARC

LEADER 00000ntm a22000003a 4500
001 stuzp76611
003 SK-STU
005 20200713114906.4
007 ta
008 150427s2015----xo-----f-mn---000-0-slo-d
040 |a STU  |b slo 
041 0 |a slo 
044 |a xo 
100 1 |a Barantal, Ľubomír  |u 035000  |4 aut  |U FEI Fakulta elektrotechniky a informatiky  |T FEI Ústav informatiky a matematiky  |X 99098  |U E050  |Y 816  |7 99098 
242 0 1 |a Development of 2D game engine using C++/SDL2/OpenGL  |y eng 
245 1 0 |a Tvorba 2D herného enginu s využitím C++/SDL2/OpenGL 
260 |a Bratislava :  |b STU v Bratislave, FEI,  |c 2020 
300 |a 86 s. 
650 4 |a herný engine  |2 slo 
650 4 |a vývoj hier  |2 slo 
650 4 |a delivery riešenie  |2 slo 
650 4 |a OpenGL  |2 slo 
650 4 |a SDL2  |2 slo 
650 4 |a game engine  |2 eng 
650 4 |a game development  |2 eng 
650 4 |a delivery solution  |2 eng 
650 4 |a OpenGL  |2 eng 
650 4 |a SDL2  |2 eng 
700 1 |a Haffner, Oto  |u 030400  |k Z1  |4 ths  |U FEI Fakulta elektrotechniky a informatiky  |T FEI Ústav automobilovej mechatroniky  |X 56107  |U E400  |Y 642  |7 A000056107 
856 4 |u http://opac.crzp.sk/?fn=detailBiblioForm&sid=B5E6096D0905A43EEE071E19D4C8&seo=CRZP-detail-kniha